000 00702nam a2200217Ia 4500
001 21073
003 GE_BSU
008 181216s||||||||xx |||||||||||||| ||und||
040 _cGE_BSU
245 _aВестник Древней истории №2 том 77 Апрель Май Июнь 2017
245 _bJournal of ancient history
245 _cГл. ред. А.И.Иванчук и др.
260 _aМосква
260 _bНаука
260 _c2017
300 _a527 стр. 24см.
653 _aВестник Древней истории №2 том 77 Апрель Май Июнь 2017
653 _aПериодика
653 _aპერიოდიკა
942 _cCR
999 _c54021
_d54021